Current TV Crime Dramas - Statistics

General Stats
  • This quiz has been taken 1,556 times
    1,348 since last reset
  • The average score is 8 of 15
Answer Stats
Hint Answer % Correct
Navy Cops NCIS
86%
Team of police forensic evidence investigation experts in Las Vegas CSI
82%
A modern take on the cases of Sherlock Holmes Elementary or Sherlock
74%
Forensic anthropologist helping a FBI agent solve crimes Bones
65%
NYPD squad that investigates sexually based crimes Law and Order: SVU
63%
Elite group of criminal profilers that anticipate their next move Criminal Minds
61%
Task Force based in Hawaii Hawaii Five-0
61%
Spinoff of #1. Works with special project and undercover work based in Los Angeles NCIS: LOS ANGELES
61%
Best selling author shadowing a NYPD cop Castle
54%
Psychic dectective helps the Santa Barbara police slove crimes wih his best friend Psych
43%
A white collar criminal agrees to work with the FBI using his expertise White Collar
41%
Former government agent now criminal suddenly surrenders to the FBI with an offer to help catch a terrorist under the condition that he speaks only to FBI Rookie profiler Blacklist
35%
A spy that is burned by the CIA using special ops to help others Burn Notice
33%
Dectective and Medical Examiner in Boston Rizzoli and Isles
18%
A young CIA trainee working for the DPD with her blind tech operator Covert Affairs
12%
No matching quizzes found
Score Distribution
Percent of People with Each Score
Percentile by Number Answered
Your Score History
You have not taken this quiz since the last reset